|
|
|
|
| LEADER |
00000nab a2200000 4500 |
| 001 |
0000000025 |
| 003 |
AR-BaUAD |
| 005 |
20250710121051.0 |
| 008 |
250530b |||||||| |||| 00| 0 eng d |
| 040 |
|
|
|a AR-BaUAD
|c AR-BaUAD
|
| 100 |
|
|
|a Berjman, Sonia
|
| 245 |
|
|
|a Una mirada a los espacios verdes públicos de Buenos Aires durante el siglo XX
|
| 300 |
|
|
|b fot., planos, vistas
|
| 648 |
|
|
|a SIGLO XX
|
| 650 |
|
|
|a URBANISMO
|
| 650 |
|
|
|a TEORIA
|
| 650 |
|
|
|a ESPACIOS VERDES
|
| 650 |
|
|
|a ESPACIO PUBLICO
|
| 650 |
|
|
|a HABITABILIDAD
|
| 650 |
|
|
|a RENOVACION URBANA
|
| 651 |
|
|
|a BUENOS AIRES, CIUDAD
|
| 651 |
|
|
|a ARGENTINA
|
| 655 |
|
|
|a ARTICULO DE REVISTA
|
| 773 |
|
|
|g no. 8 (2006), p. 28-33
|w arbauadP000062
|z 1657-0308 (impresa)
|t Revista de arquitectura (Colombia)
|
| 856 |
|
|
|u https://revistadearquitectura.ucatolica.edu.co/article/view/806/836
|
| 942 |
|
|
|2 udc
|n 0
|c ARTI
|
| 990 |
|
|
|a AQ200
|b TD
|
| 999 |
|
|
|c 24087
|d 24087
|